Carregant...
Prakriyabhashyam/
| Autor principal: | |
|---|---|
| Format: | Printed Book |
| Idioma: | Malayalam |
| Publicat: |
Kottayam:
D.C. Books ,
1989.
Kottayam: National Book Stall 1972 |
| Matèries: |
| LEADER | 01063nam a2200205Ia 4500 | ||
|---|---|---|---|
| 008 | 111205s9999 xx 000 0 mal d | ||
| 082 | |a 491.25 JOH/P | ||
| 100 | |a John Kunnappalli | ||
| 245 | |a Prakriyabhashyam/ |c John Kunnappalli | ||
| 260 | |b D.C. Books , |a Kottayam: |c 1989. | ||
| 260 | |b National Book Stall |a Kottayam: |c 1972 | ||
| 300 | |a 766p. | ||
| 300 | |a 750 | ||
| 650 | |a Sanskrit Grammar | ||
| 942 | |c BK |2 ddc | ||
| 999 | |c 207032 |d 207032 | ||
| 952 | |0 0 |1 0 |4 0 |6 491_250000000000000_JOH_P |7 0 |9 228970 |a MAL |b MAL |c ST1 |d 1982-07-31 |g 90.00 |l 1 |o 491.25 JOH/P |p MAL24875 |r 2017-06-02 |s 2017-04-05 |v 90.00 |w 2018-08-20 |y BK | ||
| 952 | |0 0 |1 0 |2 ddc |4 0 |6 491_250000000000000_JOH_P |7 0 |9 234535 |a MAL |b MAL |c ST1 |d 2011-12-05 |g 0.00 |l 1 |o 491.25 JOH/P |p MAL9874 |r 2016-02-08 |s 2016-01-22 |v 0.00 |w 2011-12-05 |y BK | ||
| 952 | |0 0 |1 0 |4 0 |6 S_2R1 |7 0 |9 239668 |a MAL |b MAL |c SEC |d 1982-07-31 |g 25.00 |l 0 |o S2R1 |p MAL12939 |r 2015-04-13 |v 25.00 |w 2015-04-13 |y BK |k 1.00 | ||
| 952 | |0 0 |1 3 |4 0 |7 0 |9 249578 |a MAL |b MAL |c ST1 |d 2011-12-05 |g 0.00 |l 0 |p MAL9873 |r 2015-04-13 |v 0.00 |w 2018-08-20 |x Book lost, New copy replaced with Acc.No.24874 |y BK | ||